000
00211nam a22000977a 4500
999
_c
16189
_d
16189
003
OSt
008
200617b ||||| |||| 00| 0 eng d
100
_a
J. P. Donleavy
_9
4608
245
_a
A Singular Man
942
_c
BK